000
00212nam a22000857a 4500
001
1236071
005
20251001124310.0
245
_a
MUMYA OLMAK İSTİYORUM
_c
JON SCIESZKA
260
_b
GÜNIŞIĞI KİTAPLIĞI YAYINLARI
999
_c
1236071
_d
1236071